| 000 | 01045nam a22003017a 4500 | ||
|---|---|---|---|
| 001 | 000564 | ||
| 003 | DO-SdBNP | ||
| 005 | 20170915093316.0 | ||
| 007 | 000564 | ||
| 008 | 161018b 2011 sp a ||||| |||| 00| 0 spa d | ||
| 020 | _a9789972625930 | ||
| 040 |
_aBPMSU _bspa _cBPMSU |
||
| 082 | 4 |
_aR 500 _bB582c |
|
| 245 | 0 | 0 |
_aLa biblia de las ciencias naturales / _cdirección editorial, Sacramento Nieto ; coordinación de la obra Puri Ballús |
| 260 |
_aBarcelona : _bLexus Editores, _bThema Equipo Editorial, _c2011. |
||
| 300 |
_a1008 p. : _bil. ; _c28 cm. + _eCD-ROM |
||
| 500 | _aIncluye índice alfabético. | ||
| 505 | 0 |
_tBiología. -- _tBotánica. -- _tZoología. -- _tEcología y medio ambiente. -- _tEl cuerpo humano. |
|
| 650 | 4 | _aCIENCIA | |
| 650 | 4 | _aHISTORIA NATURAL | |
| 700 | 1 | 2 |
_aNieto, Sacramento, _edir. |
| 700 | 1 | 2 | _aBallús, Puri |
| 710 | _aLexus Editores, | ||
| 910 | _aValidado. Control de calidad MFF | ||
| 942 |
_2ddc _cBK |
||
| 945 | _aInvetariado / 2017 VM | ||
| 956 |
_2LOPEREZ _310 _620161018 _8BPMSU _a00041 |
||
| 999 |
_c11593 _d11593 |
||